000 00301nam a22001337a 4500
008 170210b xxu||||| |||| 00| 0 eng d
020 _a97800714023541
041 _aeng
080 _216ED
_a61
100 _a4
101 _aSHM
245 _aHARRISONS INTERNAL MEDICINE
_cKASPER .L
942 _2udc
_cBK
999 _c5195
_d5195